Responses for Show #6923 - Wednesday, October 22, 2014

Contestants

[<< previous game]

Mike Harwood, a dermatologist from Westerly, Rhode Island

Ali Palmer, an analyst from Portland, Oregon

Alexander Persaud, a Ph.D. student in economics originally from Dubuque, Iowa (whose 3-day cash winnings total $61,000)

[next game >>]

Jeopardy! Round responses

THE MOVIE'S INTERNATIONAL TITLE
OTHELLO
MONEY TALKS
3-LETTER FIRST NAMES
LIVING AT THE WATERGATE
ROCKS & MINERALS
    $200 11
The Dukes of Hazzard

Mike
    $200 1
Venice

Mike
    $200 29
(more) bang

Alexander
    $200 6
a bud

Mike
    $200 19
Bob Dole

Alexander
    $200 28
(Alexander: What is phosphorescence?)

fluorescence

AlexanderMike
    $400 12
Erin Brockovich

Mike
    $400 2
wine

Mike
    $400 30
your two cents

Mike
    $400 7
pat

Ali
    $400 20
Richard Nixon

Ali
    $400 27
marble

Ali
    $600 13
(Ali: What is American Psycho?)

American Hustle

AlexanderAli
    $600 3
Iago

Alexander
    $600 24
burning a hole

Mike
    $600 8
ivy

Mike
    $600 21
Ruth Bader Ginsburg

Alexander
    $600 16
(Ali: What is silicone?)
(Alex: Say it again.)
(Ali: Silicone?)
(Alex: No.)

silica

AliMike
    $800 14
Annie Hall

Alexander
    $800 4
Desdemona

Mike
    $800 25
paying dues

Mike
    $800 9
lee

Alexander
    $800 22
Monica Lewinsky

Ali
    $800 17
slate

Alexander
    $1000 15
The Full Monty

Mike
    $1000 5
(Mike: What is a kerchief?...What is [*]?)
(Alex: That's it. Yes.)

a handkerchief

Mike
    $1,400 26
(Mike: What is... I don't know.)

bet your bottom dollar

Mike
    $1000 10
ken

Ali
    $1000 23
Condoleezza Rice

Alexander
    $1000 18
soapstone

Triple Stumper

Scores at the first commercial break (after clue 15):

Alexander Ali Mike
$2,800 $800 $4,800

Scores at the end of the Jeopardy! Round:

Alexander Ali Mike
$5,400 $1,800 $6,000

Double Jeopardy! Round responses

PICTURE THE HITMAKERS
(Alex: We'll show you the picture.)
CRABBY!
FIRST LETTER Q, SECOND LETTER NOT U
EXPLORERS
GETTING IN SHAPE
TAKE THE STAIRS
    $400 30
Guns N' Roses

Mike
    $400 6
a tail

Ali
    $400 28
QWERTY

Alexander
    $400 22
(Edmund) Hillary

Ali
    $400 29
a hexagon

Alexander
    $400 1
(Alexander: Who is Tinky Winky?)

Wee Willie Winkie

Alexander
Triple Stumper
    $800 13
Pearl Jam

Mike
    $800 7
the coconut

Mike
    $800 23
a Q-tip

Ali
    $800 21
Pizarro

Mike
    $800 27
(Mike: What is... latissimus?)

deltoid

AlexanderMike
    $800 2
Saint Joseph

Alexander
    $1200 8
[Laughter and groans]
(Alex: Oh, Ali's not gonna like missing that one.)
(Ali: Oh, that hurts.)
[NOTE: Ali's contestant interview was about attending a [*] concert.]

Meat Loaf

Mike
    $1200 11
a fiddler crab

Ali
    $1200 17
Qatar

Mike
    $1200 14
(Ali: What is Nepal?)

Lhasa

AlexanderAli
    $1200 18
scalene

Alexander
    $1200 3
Nancy Drew

Alexander
    $1600 9
Earth, Wind & Fire

Ali
    $1600 12
pincers (pinchers accepted)

Mike
    $1600 24
Q.E.D.

Alexander
    $1600 16
Matthew Henson

Alexander
    $2,600 20
a lozenge

Mike
    $1600 4
Battleship Potemkin

Ali
    $2000 10
(Mike: What is...)
(Alex: Ooh, too much time.)

Mike + the Mechanics

AliMike
    $2000 26
hermit crabs

Mike
    $2000 25
qat

Alexander
    $2000 15
Timbuktu

Mike
    $2000 19
a prism

Mike
    $3,400 5
the Spanish Steps

Ali

Scores at the end of the Double Jeopardy! Round:

Alexander Ali Mike
$16,200 $12,000 $18,600

[wagering suggestions for these scores]

Final Jeopardy! Round responses

EPONYMOUS GEOGRAPHY
AliWhat is Baffin Island?
$4,300
AlexanderWhat is Java?
$7,800
MikeWhat is Tasmania?
$13,801
Baffin Island

Final scores:

Alexander Ali Mike
$8,400 $16,300 $4,799
2nd place: $2,000 New champion: $16,300 3rd place: $1,000

Game dynamics:

Coryat scores:

Alexander Ali Mike
$16,200 $10,600 $19,000
19 R,
2 W
13 R
(including 1 DD),
3 W
25 R
(including 1 DD),
3 W
(including 1 DD)

Combined Coryat: $45,800

[game clues] [game scores] [suggest correction]

Game tape date: 2014-08-06
The J! Archive is created by fans, for fans. Scraping, republication, monetization, and malicious use prohibited; this site may use cookies and collect identifying information. See terms. The Jeopardy! game show and all elements thereof, including but not limited to copyright and trademark thereto, are the property of Jeopardy Productions, Inc. and are protected under law. This website is not affiliated with, sponsored by, or operated by Jeopardy Productions, Inc. Join the discussion at JBoard.tv.